000 00329cam a22001097a 4500
008 180718bn.d. xxu||||| |||| 00| 0 eng d
082 _aA37 H874
245 _aHugo's German grammar simplified: key to the "standard" edition
260 _aLondon
_bHugo's Language Inst.
_cn.d.
300 _a38p.
650 _aGerman Language - Grammar
999 _c368563
_d368563